Wheel of Time Aes Sedai of Unknown Ajah - Statistics

General Stats
  • This quiz has been taken 58 times
  • The average score is 9 of 17
Answer Stats
Answer % Correct
Birlen Pena
78%
Zanica
78%
Melvara
67%
Mestra
67%
Notori
67%
Ramola
67%
Serinia
56%
Arebis
44%
Carenna
44%
Cavandra
44%
Elswell
44%
Illeisien
44%
Maralenda
44%
Nianh
44%
Piava
44%
Raemassa
44%
Shemaen
44%
No matching quizzes found
Score Distribution
Percent of People with Each Score
Percentile by Number Answered
Your Score History
You have not taken this quiz